1393 1736 1576 1182 1310 1660 1949 1116 1426 1728 1520 1193 1170 1140 1298 1637 1681 1156 1449 1261 1505 1930 1641 1857 1443 1867 1897 1497 1942 1139 1485 1932 1148 1422 1427 1356 1603 1387 1332 1311 1829 1738 1237 1792 1871 1419 1707 1522 1438 1453 1627 1799 1096 1474 1430 1203 1963 1984 1174 1379 1706 1402 1147 1268 1868 1452 1532 1724 1436 1056 1984 1124 1200 1146 1884 1420 1323 1002 1746 1056 1994 1107 1760 1153 1029 1061 1469 1960 1294 1043 1631 1768 1285 1425 1042 1645 1991 1561 1584 BCNSPRNW ULIB Ver.6.0+V

เปลี่ยนเป็นภาษาไทย

Change to English
 แสดงรายละเอียดบรรณานุกรม
  กลับหน้าหลัก

Brief Record : Get Marc (ISO 2709) : E-mail record : QR code < ปิดหน้าต่าง
LEADER : 00000nam 2200000uu 4500
001    13399111755
003     ULIB
008    110707s2544||||th 000 0 tha d
020    9747520958
050 04 D907^bพ718ก 2544
100 0  นวลจันทร์ ศุภนิมิตร
245 10 ก่อนลมหนาวมาเยือน /^cพิมพ์สี [นามแฝง]
250    พิมพ์ครั้งที่ 5
260    กรุงเทพฯ :^bแพรวสำนักพิมพ์,^c2544
300    158 หน้า :^bภาพประกอบ
651  7 ยุโรป^xภูมิประเทศและการท่องเที่ยว
651  7 ยุโรป^xความเป็นอยู่และประเพณี
945    ^p140^l0^i016024
995    ทศพร
999 ^a ใช้งานได้ทุกระบบ
รายการนี้ยังไม่มีแท็ก
คุณยังไม่ได้ล็อกอิน คุณสามารถมีกิจกรรมร่วมกับเว็บไซต์ได้ แต่ต้องล็อกอินก่อน ::
  ล็อกอิน

รายการสื่อสารสนเทศ

ลำดับที่ ประเภท เลขเรียก/บาร์โค้ด สถานที่ สถานะ
- ไม่พบข้อมูล -

รายการใกล้เคียง
    ผู้แต่ง [นวลจันทร์ ศุภนิมิตร]

BibComment


ยังไม่เคยถูกคอมเมนท์

คอมเมนท์ทรัพยากรรายการนี้
  คอมเมนท์: ก่อนลมหนาวมาเยือน..


 Copyright 2026. Bcnsprnw @Library